Aseguramiento del Sistema de Gestión de Recursos de la UEN CENCE

Bewaard in:
Bibliografische gegevens
Hoofdauteur: Castro Umaña, José Antonio
Andere auteurs: Chanto Herrera, Walter, López Carmona, Shirley
Formaat: Boek
Gepubliceerd in: [San José, Costa Rica] 2004
Onderwerpen:
Tags: Voeg label toe
Geen labels, Wees de eerste die dit record labelt!

MARC

LEADER 00000nam a2200000Ia 4500
003 009276
005 20221231144141.0
008 140114s2004 cr a m 000 ||s d
040 |c cru CEDI 
090 |a TFG 4816 
100 |a Castro Umaña, José Antonio  |9 6626 
245 |a Aseguramiento del Sistema de Gestión de Recursos de la UEN CENCE  
260 |c 2004  |a  [San José, Costa Rica] 
300 |a  1 volumen (en varias paginaciones) : ilustraciones  
500 |a  Proyecto de graduación (licenciatura en ingeniería industrial)--Universidad de Costa Rica. Facultad de Ingeniería. Escuela de Ingeniería Industrial 
650 |x INSTITUTO COSTARRICENSE DE ELECTRICIDAD. DIRECCION DE TELECOMUNICACIONES. UNIDAD ESTRATEGICA DE NEGOCIOS. CENTRO NACIONAL DE CONTROL DE ENERGIA  |x  ADMINISTRACION   |x EVALUACION   |x CALIDAD DEL SERVICIO   |x INVESTIGACIONES  |9 6629 
700 |9 6627  |a Chanto Herrera, Walter 
700 |9 6628  |a López Carmona, Shirley 
942 |c TFG 
999 |c 17617  |d 17617